| 000 | 00684 a2200181 4500 | ||
|---|---|---|---|
| 999 |
_c8061 _d8061 |
||
| 020 | _a9780983330042 | ||
| 050 | 0 | 0 | _aHF5415.13 CAP 2009 |
| 100 | 1 | _aCapon, Noel. | |
| 245 | 1 | 0 |
_aManaging marketing in the 21st century : _bdeveloping and implementing the market strategy / _cNoel Capon |
| 250 | _a3rd ed. | ||
| 264 |
_aNew York: _bWessex, _c2009 |
||
| 300 |
_a 118p.: 1 v. (various pagings) : _bill. ; |
||
| 500 | _aIncludes bibliographical references and index. | ||
| 504 | _aIncludes bibliographical references and index. | ||
| 650 | 0 |
_aMarketing _xManagement. |
|
| 942 |
_2lcc _cBK _e3rd ed. _h5415.13 _iCA9 _kHF |
||